000 01945nam a2200385 c 4500
003 BLK
005 20180420223647.0
008 180408b bul|||||r ||||||| ||bul||
010 _aKNG00073522000
020 _a954-8208-37-Х
_bиздат.: Екслибрис
040 _aBLK
041 _aBUL
_cBUL
080 _aПарапсихология. Нумерология. - Халюцинации, пророчества, предсказания, магии, демонология, телепатия, спиритизъм, илюзии, нумерология, мошеничество. Вж и 133 ; 398.4 ; 615.851
_b159.961
_x
_z159.961
080 _aСпиритизъм
_b133.9
_x
_z133.9
100 1 _aДюКет, Лон Майло
_eпърви автор
_966173
700 1 _aХаят, Кристофър С.
_eсъавт.
_9294280
700 1 _aУилсън, Дейвид П.
_eил.
_9294292
700 1 _aЛолов, Илиян
_eпрев. от англ.
_9244575
139 _aДюКет, Лон Майло и др.
_bД 97
245 1 0 _aИлюстрована гоетия на Алистър Кроули
_bСексуална евокация
_cЛон Майло ДюКет; съавт. Кристофър С. Хаят; ил. Дейвид П. Уилсън; прев. от англ. Илиян Лолов.
257 _aUSA
260 София
_bЕкслибрис
_c2006
300 _a235 с.
_bс ил.
_c20 см
380 _a1
500 _aОриг. загл. Aleister Crowley's illustrated goetia : Sexual evocation / Lon Milo DuQuette, Christopher S. Hyatt. - Съдържа и магически кръгове, зваци, пентаграми и ритуали
650 4 _aМагия
_9160893
650 4 _aДемонология
_9152996
653 _aмагия
653 _aдемони
852 _aЦб 232773
856 4 _qpdf
_u
856 4 _qpdf
_u
942 _cKNG
_n0
944 _aCR
_c28.03.2007
_kЦветанка_Енчева
944 _aED
_c17.04.2007
_k
999 _c69180
_d69180